Los malasangre

Salvato in:
Dettagli Bibliografici
Autore principale: Verga, Giovanni
Natura: Libro
Lingua:Undetermined
Pubblicazione: Barcelona, España Bruguera 1980
Soggetti:
Tags: Aggiungi Tag
Nessun Tag, puoi essere il primo ad aggiungerne!!

MARC

LEADER 00000nam a2200000Ia 4500
008 170316s9999 xx 000 0 und d
999 |c 8227  |d 8227 
040 |a cru BVZT 
090 |a 850 V-1m 
100 |a Verga, Giovanni 
245 |a Los malasangre  |c / Giovanni Verga 
260 |a Barcelona, España  |b Bruguera  |c 1980 
300 |a 252 páginas 
650 |a LITERATURA ITALIANA  |9 212 
942 |c 15 D  |h 850 V-1m  |2 z